[Event "Quebec Montcalm op 4 2018-19"]
[Site "Quebec"]
[Date "2019.01.10"]
[Round "1"]
[White "Sarra Bournet, Marc"]
[Black "Labrecque, Rejean"]
[Result "1-0"]
[WhiteElo "1905"]
[BlackElo "1857"]
[PlyCount "119"]
[EventDate "2019.01.10"]
[EventType "swiss"]
[EventRounds "5"]
[EventCountry "CAN"]
[SourceTitle "EXT 2022"]
[Source "ChessBase"]
[SourceDate "2021.10.06"]
[SourceVersion "1"]
[SourceVersionDate "2021.10.06"]
[SourceQuality "1"]

1. e4 c5 2. Nc3 e6 3. f4 d5 4. Bb5+ Bd7 5. exd5 Bxb5 6. Nxb5 exd5 7. Qe2+ Be7 8. Qe5 f6 9. Nc7+ Kd7 10. Qxd5+ Kxc7 11. Qf7 Qf8 12. Qe6 Nc6 13. Nf3 Bd6 14. 0-0 Re8 15. Qc4 Nh6 16. b4 Qf7 17. Qb5 Nxb4 18. c3 Nc6 19. Rb1 Kc8 20. d4 cxd4 21. cxd4 Re7 22. Bd2 Rc7 23. Rfc1 Nd8 24. Ba5 Rxc1+ 25. Rxc1+ Kb8 26. d5 Qe8 27. Qc4 Qd7 28. Bd2 Ndf7 29. Be3 Nf5 30. Bf2 Ne7 31. Qd4 b6 32. Rb1 Rc8 33. Qd3 Bc5 34. Bxc5 Rxc5 35. Qxh7 Qf5 36. Qxf5 Nxf5 37. Re1 Rxd5 38. g4 N5d6 39. h4 g5 40. fxg5 fxg5 41. h5 Rc5 42. Re6 Rc4 43. h6 Rxg4+ 44. Kh2 Re4 45. Rg6 Nf5 46. h7 N5h6 47. Rxh6 g4 48. Ng5 Re2+ 49. Kg3 Nh8 50. Rf6 Re8 51. Kxg4 Kb7 52. Kf5 a5 53. Nf7 Ka6 54. Nxh8 Rxh8 55. Kg6 Kb5 56. Kg7 Rxh7+ 57. Kxh7 a4 58. a3 Kc5 59. Rf4 b5 60. Kg6 1-0

[Event "Ste Foy Tal"]
[Site "Ste Foy"]
[Date "2018.12.01"]
[Round "2"]
[White "Desbiens, Raphael"]
[Black "Labrecque, Rejean"]
[Result "1-0"]
[WhiteElo "2155"]
[BlackElo "1806"]
[PlyCount "111"]
[EventDate "2018.11.24"]
[EventType "swiss"]
[EventRounds "4"]
[EventCountry "CAN"]
[SourceTitle "EXT 2022"]
[Source "ChessBase"]
[SourceDate "2021.10.06"]
[SourceVersion "1"]
[SourceVersionDate "2021.10.06"]
[SourceQuality "1"]

1. e4 c5 2. Nf3 d6 3. Bb5+ Bd7 4. Bxd7+ Nxd7 5. 0-0 g6 6. c3 Bg7 7. d4 cxd4 8. cxd4 Ngf6 9. Nc3 0-0 10. h3 Nb6 11. b3 Rc8 12. Bb2 a6 13. Qe2 Qc7 14. Rac1 Qb8 15. d5 Nbd7 16. g4 e5 17. Qe3 b5 18. Ne2 Rc5 19. Rfd1 Rfc8 20. Ne1 Rxc1 21. Rxc1 Rxc1 22. Bxc1 Qc7 23. f3 Qc5 24. Kf2 Kf8 25. Nd3 Qxe3+ 26. Bxe3 Ne8 27. Nc3 Nc7 28. a4 Bf6 29. a5 Ke8 30. Nb4 Nc5 31. Bxc5 dxc5 32. d6 cxb4 33. dxc7 Kd7 34. Nd5 Bh4+ 35. Ke2 h6 36. Nxb4 Kxc7 37. Nxa6+ Kc6 38. Nb4+ Kb7 39. Nd3 Bf6 40. Nc5+ Ka7 41. Kd2 Be7 42. b4 Bd6 43. g5 hxg5 44. Kc3 Kb8 45. Nd7+ Kb7 46. Nf6 Bc7 47. Ng8 Bd8 48. Nh6 f6 49. Nf7 Bc7 50. Nh8 Kc6 51. Nxg6 Kd6 52. h4 Ke6 53. hxg5 fxg5 54. Nf8+ Kf7 55. Nd7 Ke7 56. a6 1-0

[Event "Quebec Montcalm op 2 2018-19"]
[Site "Quebec"]
[Date "2018.11.08"]
[Round "5"]
[White "Genest, Dominic"]
[Black "Labrecque, Rejean"]
[Result "1/2-1/2"]
[WhiteElo "1719"]
[BlackElo "1658"]
[PlyCount "109"]
[EventDate "2018.10.11"]
[EventType "swiss"]
[EventRounds "5"]
[EventCountry "CAN"]
[SourceTitle "EXT 2022"]
[Source "ChessBase"]
[SourceDate "2021.10.06"]
[SourceVersion "1"]
[SourceVersionDate "2021.10.06"]
[SourceQuality "1"]

1. c4 e6 2. g3 g6 3. Bg2 Bg7 4. Nf3 Ne7 5. Nc3 0-0 6. d4 c6 7. Bf4 d5 8. b3 Nd7 9. Rc1 f5 10. Qd2 Nf6 11. Ne5 Ne4 12. Bxe4 fxe4 13. Nd1 Nf5 14. c5 Bd7 15. h4 Be8 16. Ne3 Nxe3 17. Qxe3 Qa5+ 18. Qc3 Qxc3+ 19. Rxc3 Rc8 20. 0-0 h6 21. f3 exf3 22. exf3 Rf5 23. Re1 Kh7 24. Bd2 Bxe5 25. Rxe5 Rxe5 26. dxe5 Rc7 27. Rd3 Rg7 28. g4 g5 29. h5 Rf7 30. Kg2 Kg8 31. Rd4 Kg7 32. Kg3 b6 33. Bb4 Bd7 34. a4 Bc8 35. a5 bxc5 36. Bxc5 Ba6 37. f4 Be2 38. b4 a6 39. Bd6 Rxf4 40. Rxf4 gxf4+ 41. Kxf4 d4 42. Bc5 d3 43. Be3 Kh7 44. Kg3 Kg7 45. Kh4 Bf3 46. g5 hxg5+ 47. Kxg5 Be4 48. h6+ Kf7 49. Kf4 Bf5 50. Kg5 Bh7 51. Kh5 Be4 52. Kg5 Bf5 53. Kh5 Be4 54. Kg5 Bg6 55. Kf4 1/2-1/2

[Event "Ste Foy Botwinnik"]
[Site "Ste Foy"]
[Date "2018.09.29"]
[Round "4"]
[White "Labrecque, Rejean"]
[Black "Chouinard, Etienne"]
[Result "0-1"]
[WhiteElo "1640"]
[BlackElo "1879"]
[PlyCount "58"]
[EventDate "2018.09.08"]
[EventType "swiss"]
[EventRounds "5"]
[EventCountry "CAN"]
[SourceTitle "EXT 2022"]
[Source "ChessBase"]
[SourceDate "2021.10.06"]
[SourceVersion "1"]
[SourceVersionDate "2021.10.06"]
[SourceQuality "1"]

1. d4 d5 2. c4 e6 3. Nf3 Nf6 4. Bg5 Nbd7 5. e3 c6 6. a3 Be7 7. Bd3 dxc4 8. Bxc4 b5 9. Bd3 Bb7 10. 0-0 a6 11. Nbd2 h6 12. Bh4 0-0 13. Rc1 Rc8 14. Qc2 c5 15. Be4 cxd4 16. Qb1 Nxe4 17. Bxe7 Qxe7 18. Nxe4 dxe3 19. fxe3 f5 20. Nc3 Bxf3 21. gxf3 Qg5+ 22. Kf2 Qh4+ 23. Kg2 Rf6 24. Ne2 Rxc1 25. Qxc1 Rg6+ 26. Ng3 f4 27. exf4 Nf6 28. Qc2 Nd5 29. Qxg6 Nxf4+ 0-1

[Event "Ste Foy Botwinnik"]
[Site "Ste Foy"]
[Date "2018.09.15"]
[Round "2"]
[White "Labrecque, Rejean"]
[Black "Laflamme, Simon"]
[Result "0-1"]
[WhiteElo "1640"]
[BlackElo "1948"]
[PlyCount "58"]
[EventDate "2018.09.08"]
[EventType "swiss"]
[EventRounds "5"]
[EventCountry "CAN"]
[SourceTitle "EXT 2022"]
[Source "ChessBase"]
[SourceDate "2021.10.06"]
[SourceVersion "1"]
[SourceVersionDate "2021.10.06"]
[SourceQuality "1"]

1. d4 Nf6 2. c4 g6 3. Nc3 Bg7 4. e4 d6 5. Nf3 0-0 6. Be2 e5 7. d5 a5 8. h3 Na6 9. Be3 Nh5 10. Qd2 f5 11. Bg5 Qe8 12. 0-0-0 Nc5 13. exf5 gxf5 14. Rdg1 Nf6 15. Bxf6 Bxf6 16. g4 f4 17. g5 Bg7 18. h4 e4 19. Nd4 Qe5 20. Ndb5 c6 21. Nc7 Rb8 22. Bg4 Nd3+ 23. Kd1 Nc5 24. h5 e3 25. Qe2 Qd4+ 26. Kc2 Ne4 27. Rd1 Nxc3 28. bxc3 Qxc3+ 29. Kb1 Bxg4 0-1

[Event "Ste Foy Fischer"]
[Site "Ste Foy"]
[Date "2016.10.22"]
[Round "2"]
[White "Labrecque, Rejean"]
[Black "Caron, Sebastien"]
[Result "0-1"]
[WhiteElo "1675"]
[BlackElo "1987"]
[PlyCount "168"]
[EventDate "2016.10.15"]
[EventType "swiss"]
[EventRounds "5"]
[EventCountry "CAN"]
[SourceTitle "EXT 2022"]
[Source "ChessBase"]
[SourceDate "2021.10.06"]
[SourceVersion "1"]
[SourceVersionDate "2021.10.06"]
[SourceQuality "1"]

1. d4 f5 2. Bg5 g6 3. Nc3 Bg7 4. e4 fxe4 5. Nxe4 Nf6 6. Nxf6+ exf6 7. Be3 d5 8. Qd2 Nc6 9. 0-0-0 Be6 10. Nf3 Qd7 11. h3 a6 12. g4 0-0-0 13. Bd3 Bf8 14. c3 Bd6 15. Bf4 g5 16. Bxd6 Qxd6 17. Rde1 Kb8 18. Re2 h5 19. Rhe1 Bd7 20. Bf5 hxg4 21. hxg4 Rh3 22. Ng1 Rh1 23. Bxd7 Qxd7 24. f3 Rdh8 25. Qe3 Qd6 26. Rg2 Ka7 27. Ree2 R8h7 28. Kc2 Re7 29. Qd2 Rxe2 30. Nxe2 Rf1 31. Qe3 Ra1 32. c4 Nb4+ 33. Kd2 Nxa2 34. c5 Qc6 35. Qb3 a5 36. Rg1 Rxg1 37. Nxg1 Nb4 38. Ne2 b6 39. cxb6+ cxb6 40. Qc3 Qd6 41. Qc8 Na2 42. Qc2 Qb4+ 43. Kd1 Qd6 44. Nc3 Nxc3+ 45. Qxc3 Kb7 46. Kc2 Qc6 47. Kb3 Qb5+ 48. Ka3 Qc4 49. Qd2 Ka6 50. b3 Qf1 51. Qc3 Kb7 52. Kb2 Qe2+ 53. Ka3 Qe7+ 54. Kb2 Qd7 55. Qd3 Qc6 56. Qh7+ Ka6 57. Qf5 b5 58. Qd3 Kb6 59. Qf5 b4 60. Qd3 Qd6 61. Qc2 Qe7 62. Qd2 Qc7 63. Qd3 Qc6 64. Qd2 Qd6 65. Qc2 Qc6 66. Qd3 a4 67. bxa4 Qxa4 68. Qe3 Qc6 69. Qd3 Qc4 70. Qe3 Ka5 71. Qd2 Qc3+ 72. Qxc3 bxc3+ 73. Kxc3 Ka4 74. Kd2 Kb4 75. Kd3 Kb3 76. Ke3 Kc3 77. f4 Kc4 78. fxg5 fxg5 79. Ke2 Kxd4 80. Kd2 Ke4 81. Kc3 d4+ 82. Kd2 Kf4 83. Kd3 Kxg4 84. Kxd4 Kf3 0-1

[Event "Ste Foy Morphy"]
[Site "Ste Foy"]
[Date "2016.03.12"]
[Round "3"]
[White "Chouinard, Etienne"]
[Black "Labrecque, Rejean"]
[Result "1-0"]
[WhiteElo "1898"]
[BlackElo "1790"]
[PlyCount "167"]
[EventDate "2016.02.27"]
[EventType "swiss"]
[EventRounds "5"]
[EventCountry "CAN"]
[SourceTitle "EXT 2022"]
[Source "ChessBase"]
[SourceDate "2021.10.06"]
[SourceVersion "1"]
[SourceVersionDate "2021.10.06"]
[SourceQuality "1"]

1. e4 e6 2. d4 d5 3. exd5 exd5 4. Nf3 Nf6 5. Be2 Bd6 6. 0-0 0-0 7. Bg5 Bf5 8. Nbd2 h6 9. Bh4 Nbd7 10. c3 c6 11. Qb3 Qc7 12. Bg3 Rae8 13. Bxd6 Qxd6 14. Rfe1 Qb8 15. Nf1 Re7 16. Ng3 Bh7 17. Bf1 Rfe8 18. Qb4 Rxe1 19. Rxe1 Rxe1 20. Nxe1 Qe8 21. Nf3 Nb6 22. a4 Qf8 23. Qb3 Qe7 24. a5 Nc8 25. Ne5 c5 26. a6 b6 27. Nc6 Qc7 28. Ne5 Nd6 29. Qa4 c4 30. Qc6 Qxc6 31. Nxc6 Nc8 32. Be2 Bc2 33. Bf3 Ba4 34. Nb4 Ne7 35. Nf1 Bd7 36. Ne3 Be6 37. h3 Kf8 38. Kh2 Ke8 39. Kg3 Kd7 40. h4 Kd6 41. h5 b5 42. Kf4 Nh7 43. g4 Ng5 44. Bg2 g6 45. hxg6 fxg6 46. Kg3 Nh7 47. f4 Nf6 48. Bf3 Nc6 49. Nec2 Nxb4 50. Nxb4 g5 51. f5 Bf7 52. Kh3 Nd7 53. Kg3 Nb6 54. Bd1 Nd7 55. Bf3 Nb8 56. Kf2 Nc6 57. Nc2 Ne7 58. Ne3 Ng8 59. Ke2 Nf6 60. Kd2 Kc6 61. Nc2 h5 62. gxh5 g4 63. Bg2 Bxh5 64. Ke3 Bf7 65. Kf4 Kd6 66. Ne3 Ne8 67. Nc2 Nf6 68. Kg5 Ke7 69. Nb4 Ne4+ 70. Bxe4 dxe4 71. Kxg4 e3 72. Kf3 e2 73. Kxe2 Kf6 74. Nc6 Kxf5 75. Nxa7 Be8 76. Nc8 Ke6 77. a7 Bc6 78. Nb6 Kd6 79. a8Q Bxa8 80. Nxa8 Kc6 81. Ke3 Kb7 82. Ke4 Kxa8 83. Ke5 Kb7 84. Kd6 1-0

[Event "Ste-Foy - Botvinnik"]
[Site "Ste Foy"]
[Date "2015.09.19"]
[Round "2"]
[White "Dube, Daniel"]
[Black "Labrecque, Rejean"]
[Result "1-0"]
[WhiteElo "1943"]
[BlackElo "1749"]
[PlyCount "45"]
[EventDate "2015.09.12"]
[EventType "swiss"]
[EventRounds "5"]
[EventCountry "CAN"]
[SourceTitle "EXT 2019"]
[Source "ChessBase"]
[SourceDate "2018.10.10"]
[SourceVersion "1"]
[SourceVersionDate "2018.10.10"]
[SourceQuality "1"]

1. e4 c5 2. Nf3 d6 3. d4 cxd4 4. Nxd4 Nf6 5. Nc3 g6 6. f4 Bg4 7. Bb5+ Nbd7 8. Qd2 a6 9. Bxd7+ Bxd7 10. e5 dxe5 11. fxe5 Ng4 12. Qe2 Bg7 13. Bf4 0-0 14. h3 Nh6 15. 0-0-0 e6 16. Qd2 Qh4 17. Nf3 Qh5 18. g4 Nxg4 19. hxg4 Qxg4 20. Bh6 Bc6 21. Bxg7 Qxf3 22. Rxh7 Rfd8 23. Rh8+ 1-0

[Event "Ste-Foy - Polgar"]
[Site "Ste Foy"]
[Date "2015.05.30"]
[Round "3"]
[White "Leblanc Legault, Mathieu"]
[Black "Labrecque, Rejean"]
[Result "1-0"]
[WhiteElo "1639"]
[BlackElo "1671"]
[PlyCount "95"]
[EventDate "2015.05.16"]
[EventType "swiss"]
[EventRounds "5"]
[EventCountry "CAN"]
[SourceTitle "EXT 2019"]
[Source "ChessBase"]
[SourceDate "2018.10.10"]
[SourceVersion "1"]
[SourceVersionDate "2018.10.10"]
[SourceQuality "1"]

1. d4 d5 2. Nc3 Nf6 3. f3 Bf5 4. g4 Bg6 5. g5 Nh5 6. e4 h6 7. Nxd5 e6 8. Nf4 Nxf4 9. Bxf4 hxg5 10. Bg3 Nd7 11. Qd2 f5 12. Bd3 f4 13. Bf2 Qe7 14. 0-0-0 0-0-0 15. h4 e5 16. Ne2 Bf7 17. Kb1 Kb8 18. Rdg1 Qe6 19. d5 Qg6 20. Qe1 Be7 21. hxg5 Bxg5 22. Rxh8 Rxh8 23. Rg4 Qh5 24. Qg1 Bf6 25. Bxa7+ Kc8 26. Bf2 Nf8 27. Qe1 Qh2 28. Bg1 Qh1 29. Qf2 Nd7 30. b3 Rh3 31. Qa7 Nb8 32. Bb5 Qxf3 33. Qa8 Rh1 34. Kb2 Rxg1 35. Rxg1 Qxe4 36. Rd1 Qb4 37. Bd7+ Kxd7 38. Qxb8 e4+ 39. c3 f3 40. Nd4 Bxd4 41. Rxd4 Qd6 42. Qxb7 Qh2+ 43. Ka3 Qe2 44. Qc6+ Ke7 45. d6+ Kf8 46. d7 g6 47. d8Q+ Kg7 48. Qcf6+ 1-0

[Event "Ste-Foy - Morphy"]
[Site "Ste Foy"]
[Date "2015.02.28"]
[Round "1"]
[White "Laflamme, Simon"]
[Black "Labrecque, Rejean"]
[Result "1-0"]
[WhiteElo "1993"]
[BlackElo "1668"]
[PlyCount "79"]
[EventDate "2015.02.28"]
[EventType "swiss"]
[EventRounds "5"]
[EventCountry "CAN"]
[SourceTitle "EXT 2019"]
[Source "ChessBase"]
[SourceDate "2018.10.10"]
[SourceVersion "1"]
[SourceVersionDate "2018.10.10"]
[SourceQuality "1"]

1. Nf3 Nf6 2. c4 g6 3. Nc3 Bg7 4. e4 d6 5. d4 0-0 6. Be2 e5 7. 0-0 Nc6 8. d5 Ne7 9. Ne1 Ne8 10. Bd2 f5 11. f3 f4 12. Nd3 b6 13. b4 c5 14. bxc5 dxc5 15. a4 Nd6 16. Nf2 Bd7 17. Nb5 Nec8 18. Qb3 Rb8 19. Nd3 a6 20. Na3 Rb7 21. Bc3 Qe8 22. Bd1 Qe7 23. Qb2 Re8 24. a5 bxa5 25. Qf2 Nb6 26. Nxc5 Rbb8 27. Nxa6 Nbxc4 28. Nxc4 Rbc8 29. Nb6 Rxc3 30. Nxd7 Qxd7 31. Ba4 Qb7 32. Bxe8 Qxa6 33. Qb2 Qd3 34. Bd7 Rb3 35. Be6+ Kh8 36. Qf2 Bf8 37. Rxa5 h5 38. Ra8 Kg7 39. Qh4 Nb7 40. Rxf8 1-0

[Event "Ste Foy Tal"]
[Site "Ste Foy"]
[Date "2014.11.15"]
[Round "1"]
[White "Laflamme, Simon"]
[Black "Labrecque, Rejean"]
[Result "1-0"]
[WhiteElo "1980"]
[BlackElo "1606"]
[PlyCount "65"]
[EventDate "2014.11.15"]
[EventType "swiss"]
[EventRounds "5"]
[EventCountry "CAN"]
[SourceTitle "EXT 2022"]
[Source "ChessBase"]
[SourceDate "2021.10.06"]
[SourceVersion "1"]
[SourceVersionDate "2021.10.06"]
[SourceQuality "1"]

1. Nf3 Nf6 2. c4 g6 3. Nc3 Bg7 4. e4 d6 5. d4 0-0 6. Be2 Nc6 7. d5 Nb8 8. 0-0 Nbd7 9. Qc2 a6 10. h3 c5 11. Bf4 Ne8 12. Rfe1 Nc7 13. Bd3 Ne5 14. Nxe5 dxe5 15. Be3 b6 16. Na4 Rb8 17. b4 Bd7 18. bxc5 Bxa4 19. Qxa4 b5 20. cxb5 axb5 21. Qc2 f5 22. f3 fxe4 23. fxe4 Qd7 24. Rab1 Rfc8 25. c6 Qd6 26. Rf1 Na6 27. Bxb5 Nb4 28. Qc4 Rxb5 29. Qxb5 Nxa2 30. Qb2 Ra8 31. Ra1 Qa3 32. Qxa3 Rxa3 33. c7 1-0

[Event "Trois-Rivieres Mauricie U1700 op"]
[Site "Trois Rivieres"]
[Date "2014.03.15"]
[Round "2"]
[White "Labrecque, Rejean"]
[Black "Ju, Lawrence"]
[Result "1/2-1/2"]
[WhiteElo "1640"]
[BlackElo "1411"]
[PlyCount "135"]
[EventDate "2014.03.14"]
[EventType "swiss"]
[EventRounds "5"]
[EventCountry "CAN"]
[SourceTitle "EXT 2022"]
[Source "ChessBase"]
[SourceDate "2021.10.06"]
[SourceVersion "1"]
[SourceVersionDate "2021.10.06"]
[SourceQuality "1"]

1. d4 Nf6 2. c4 g6 3. Nc3 Bg7 4. e4 d6 5. f4 0-0 6. Nf3 Ne8 7. Be2 Nc6 8. Be3 f5 9. e5 dxe5 10. fxe5 f4 11. Bf2 Bf5 12. 0-0 Nb4 13. a3 Nc2 14. Rc1 Ne3 15. Bxe3 fxe3 16. Bd3 Bh6 17. Rc2 Ng7 18. Re2 Ne6 19. Bxf5 Rxf5 20. Nd5 c6 21. Nxe3 Rf8 22. Ng4 Bg7 23. Re4 Qb6 24. b4 Kh8 25. Kh1 Rad8 26. Rfe1 Qa6 27. Qb3 b6 28. h3 c5 29. d5 Nc7 30. e6 Ne8 31. Nge5 Nd6 32. Nf7+ Nxf7 33. exf7 Rxf7 34. Rxe7 Rxe7 35. Rxe7 Bf8 36. Qc3+ Kg8 37. Re6 Bg7 38. Qd3 cxb4 39. axb4 Qa1+ 40. Kh2 Qc1 41. Qe4 Rf8 42. Re8 Qc3 43. Qe6+ Kh8 44. Ng5 h6 45. Nf7+ Kh7 46. Rxf8 Bxf8 47. d6 Qxb4 48. d7 Be7 49. d8Q Bxd8 50. Nxd8 Qf8 51. Qf7+ Qxf7 52. Nxf7 a5 53. Ne5 a4 54. Nd3 a3 55. Nb4 Kg7 56. Kg3 Kf6 57. Kf4 g5+ 58. Ke4 Ke6 59. Na2 Kd6 60. Kd4 Ke6 61. g4 Kd6 62. Nc3 Ke6 63. Na2 Kd6 64. Nb4 Ke7 65. Kc3 Ke8 66. Nd5 Kd7 67. Ne3 a2 68. Kb2 1/2-1/2

[Event "Quebec Montcalm op 4 2011-12"]
[Site "Quebec"]
[Date "2012.02.09"]
[Round "5"]
[White "Labrecque, Rejean"]
[Black "Bourassa, Andre"]
[Result "1-0"]
[WhiteElo "1725"]
[BlackElo "1804"]
[PlyCount "115"]
[EventDate "2012.01.12"]
[EventType "swiss"]
[EventRounds "5"]
[EventCountry "CAN"]
[SourceTitle "EXT 2022"]
[Source "ChessBase"]
[SourceDate "2021.10.06"]
[SourceVersion "1"]
[SourceVersionDate "2021.10.06"]
[SourceQuality "1"]

1. d4 Nf6 2. Bg5 e6 3. Bxf6 Qxf6 4. e4 Nc6 5. Nf3 e5 6. d5 Nd4 7. Nbd2 Bc5 8. c3 Nxf3+ 9. Qxf3 d6 10. Qxf6 gxf6 11. Bb5+ Ke7 12. 0-0 Rg8 13. Kh1 a6 14. Bd3 c6 15. b4 Ba7 16. a4 cxd5 17. exd5 f5 18. f3 Rg7 19. Nb3 Be3 20. c4 b6 21. a5 b5 22. c5 h5 23. Rae1 f4 24. Re2 h4 25. h3 Ra7 26. Rc2 Rc7 27. Rd1 f5 28. Kh2 Rf7 29. Rc3 Bb7 30. Bb1 Rf8 31. cxd6+ Kxd6 32. Rxc7 Kxc7 33. Nc5 Bc8 34. d6+ Kd8 35. d7 Bxc5 36. dxc8Q+ Kxc8 37. bxc5 Rd8 38. Bxf5+ Kc7 39. Rxd8 Kxd8 40. Kg1 Kc7 41. Be4 Kd7 42. Kf2 Kc7 43. Ke2 Kc8 44. Kd3 Kc7 45. Bd5 Kd7 46. Ke4 b4 47. Kxe5 b3 48. Bxb3 Kc6 49. Bc4 Kb7 50. Kd4 Ka7 51. c6 Kb8 52. Bxa6 Ka8 53. Bc8 Kb8 54. Bf5 Ka8 55. c7 Ka7 56. Kc5 Kb7 57. c8Q+ Ka7 58. Qc7+ 1-0

[Event "Quebec Montcalm op 3 2010-11"]
[Site "Quebec"]
[Date "2010.11.18"]
[Round "1"]
[White "Caire, Francois"]
[Black "Labrecque, Rejean"]
[Result "1-0"]
[WhiteElo "2247"]
[BlackElo "1749"]
[PlyCount "115"]
[EventDate "2010.11.18"]
[EventType "swiss"]
[EventRounds "5"]
[EventCountry "CAN"]
[SourceTitle "EXT 2022"]
[Source "ChessBase"]
[SourceDate "2021.10.06"]
[SourceVersion "1"]
[SourceVersionDate "2021.10.06"]
[SourceQuality "1"]

1. d4 d5 2. Nf3 Nf6 3. c4 e6 4. Nc3 Bb4 5. cxd5 exd5 6. Bg5 0-0 7. e3 Bf5 8. Qb3 Nc6 9. Bxf6 gxf6 10. Bb5 Qd6 11. 0-0 Rfd8 12. Nh4 Bg6 13. a3 Bxc3 14. Qxc3 Ne7 15. Rac1 c6 16. Be2 f5 17. g3 Kh8 18. Bd3 Rg8 19. Ng2 Bh5 20. f3 Rad8 21. Qc5 Qxc5 22. Rxc5 Bg6 23. Nh4 Rd6 24. Rc3 Kg7 25. b4 Re6 26. Kf2 Re8 27. b5 Kf6 28. Rfc1 Rd8 29. Ng2 cxb5 30. Bxb5 Rb6 31. Rb3 Ke6 32. a4 Nc6 33. Nf4+ Kd6 34. Rc5 a6 35. Nxd5 axb5 36. Nxb6 bxa4 37. Nxa4 Ra8 38. Nc3 Nd8 39. Nb5+ Ke7 40. Rc7+ Kf8 41. Ra3 Rb8 42. d5 f6 43. Rac3 Bf7 44. e4 fxe4 45. fxe4 f5 46. exf5 Bxd5 47. Rxh7 Bc6 48. Nd4 Kg8 49. Rc7 Ra8 50. Ke3 Kf8 51. g4 Ra2 52. Nxc6 bxc6 53. h3 Rg2 54. Kf4 Rd2 55. h4 Rd4+ 56. Kg5 Nf7+ 57. Rxf7+ Kxf7 58. Rxc6 1-0

[Event "Montmagny op"]
[Site "Montmagny"]
[Date "2010.11.07"]
[Round "5"]
[White "Forget, Luc"]
[Black "Labrecque, Rejean"]
[Result "1-0"]
[WhiteElo "2021"]
[BlackElo "1750"]
[PlyCount "52"]
[EventDate "2010.11.05"]
[EventType "swiss"]
[EventRounds "5"]
[EventCountry "CAN"]
[SourceTitle "EXT 2022"]
[Source "ChessBase"]
[SourceDate "2021.10.06"]
[SourceVersion "1"]
[SourceVersionDate "2021.10.06"]
[SourceQuality "1"]

1. d4 d5 2. Nf3 Nf6 3. c4 e6 4. Nc3 Be7 5. g3 dxc4 6. Bg2 0-0 7. 0-0 Nd5 8. e4 Nxc3 9. bxc3 c6 10. Nd2 b5 11. e5 Bb7 12. a4 Qc7 13. Qf3 a6 14. Ne4 Nd7 15. Qg4 Kh8 16. Bg5 Bxg5 17. Nxg5 Nb6 18. Be4 g6 19. Qh4 h5 20. g4 Kg7 21. Bxg6 Rh8 22. gxh5 Rh6 23. Nxf7 Nd5 24. Qg5 Rxg6 25. Qxg6+ Kf8 26. Ng5 Qg7 1-0